000 00516nam a2200193Ia 4500
005 20250508150854.0
008 008 250505s9999 xx 000 0 eng d
037 _aTextual
040 _aFEDL
_beng
_cFEDL
041 _aeng
_2eng
084 _a330.1, SMI
_qFEDL
100 _aSmith Henry
245 0 _aIntroduction to the study of economics
260 _aLondon, UK
_bSylvan Press
_c1969
300 _avi,224p
650 _aEconomics
942 _cTEXL
_h330.1, SMI
999 _c1326226
_d1326226